000 01248nam0a22003251 4500
001 rc\2620928
005 20260204000000.0
035 _a(NLR Aleph) 006784607
090 _a6080169
_c6080169
100 _a20110914d1931 u y0rusy50 ca
101 0 _arus
102 _aRU
105 _aa z |||||
135 _acrcn 024aaaua
200 1 _aПионеры и прогульщики
_e[Издание для детей средн. возраста]
_fЕ. Быков
210 _a[Москва]
_cМол. гвардия - Огиз
_d1931
_eЛенинград
_g1-я лит. Огиза
215 _a[16] с.
_cкрас. ил.
_d18х14 см.
325 _aКопия доступна в Электрон. б-ке РНБ http://vivaldi.nlr.ru/bx000001165/view
700 1 _aБыков
_bЕ.
801 0 _aRU
_bNLR
_gpsbo
801 1 _aRU
_bELAR
_2rusmarc
852 _aNLR
_j31-8/10756
856 0 _uhttp://vivaldi.nlr.ru/bx000001165/view
856 1 _uhttp://vivaldi.nlr.ru/bx000001165/cover
856 2 _uhttp://vivaldi.nlr.ru/bx000001165/text
942 _cBOOK
980 _aNB
981 3 3 _a(33) Художественная литература
_b(33) Книги для детей